Shakespeare Fill-in-the-Blank Quiz Stats

Quiz Updated Mar 28, 2014

Challenge
Share
Tweet
Embed
Score 0/24 Timer 03:00
6 Plays Today
Title Missing Word % Correct
Romeo and _____Juliet
98.1%
A _____ Night's DreamMidsummer
95.5%
_____ Well That Ends WellAll's
92.8%
The _____ of the ShrewTaming
91.5%
_____ CaesarJulius
91.2%
Much _____ About NothingAdo
89.8%
_____ VIIIHenry
89%
Antony and _____Cleopatra
83.4%
As You ____ ItLike
81.7%
The _____ of VeniceMerchant
79.1%
Love's Labour's _____Lost
72.1%
The _____ of ErrorsComedy
68.3%
Title Missing Word % Correct
_____ JohnKing
67.8%
The Merry Wives of _____Windsor
64.1%
_____ IIIRichard
62.4%
_____ NightTwelfth
62%
_____ AndronicusTitus
53.1%
The Two _____ of VeronaGentlemen
49.1%
The _____Tempest
42.9%
Troilus and _____Cressida
33.5%
The _____ TaleWinter's
33.1%
_____ for _____Measure
31.6%
Timon of _____Athens
28.6%
The Two Noble _____Kinsmen
15.6%

You're not logged in!

Compare scores with friends on all Sporcle quizzes.
Join for Free
OR
Log In

You Might Also Like...

Show Comments

Extras

Top Quizzes Today


Score Distribution

Your Account Isn't Verified!

In order to create a playlist on Sporcle, you need to verify the email address you used during registration. Go to your Sporcle Settings to finish the process.

Report this User

Report this user for behavior that violates our Community Guidelines.

Details: